000 00589nam a2200205Ia 4500
005 20250508162001.0
008 008 250505s9999 xx 000 0 eng d
020 _a0-03-014561-9
037 _aReference
040 _aFEDL
_beng
_cFEDL
041 _aeng
_2eng
084 _a370.15, GOO
_qFEDL
100 _aGood Thomas L
245 0 _aEducational psychology: A realistic approach
260 _aNew York, USA
_bHolt, Rinehart and Winston
_c1943
300 _axiv,590p
700 _a Brophy Jere E
_9771949
942 _cREF
_h370.15, GOO
999 _c1373652
_d1373652